000
00209 a2200097 4500
001
18093
100
_a
Baeck, H S
245
_a
Practical servomech design
260
_a
_b
McGraw-Hill
_c
090
_c
13386
_d
13386
942
_a
NUST-CAE
_c
M
_c
3765
999
_c
253166
_d
253166